Informe final del Ejercicio Profesional Supervisado, realizado en Frutos Escenciales de la Montaña Sociedad Anónima, Cobán, Alta Verapaz/ (Registro nro. 1807)

Detalles MARC
000 -LEADER
campo de control de longitud fija 03250nam a22003137i 4500
001 - NÚMERO DE CONTROL
campo de control TCPA 39
003 - IDENTIFICADOR DE NÚMERO DE CONTROL
campo de control gtcocun
005 - FECHA Y HORA DE LA ÚLTIMA TRANSACCIÓN
campo de control 20250911205312.0
006 - CÓDIGOS DE INFORMACIÓN DE LONGITUD FIJA--CARACTERÍSTICAS DEL MATERIAL ADICIONAL
campo de control de longitud fija a||||gr|||| 00| 0
008 - DATOS DE LONGITUD FIJA--INFORMACIÓN GENERAL
campo de control de longitud fija 250911b2016 gt ||||| m||| 00| 0 eng d
040 ## - FUENTE DE CATALOGACIÓN
Centro catalogador/agencia de origen gtcocun
Lengua de catalogación SPA
Centro/agencia transcriptor gtcocun
Normas de descripción RDA
041 ## - CÓDIGO DE IDIOMA
Código de lengua del texto/banda sonora o título independiente SPA
084 ## - OTRO NÚMERO DE CLASIFICACIÓN
Número de control del registro de autoridad o número normalizado TCPA 39
100 ## - ENTRADA PRINCIPAL--NOMBRE DE PERSONA
Nombre de persona Sacbá Pacay, Claudet Maribel
Término indicativo de función/relación Autor
245 ## - MENCIÓN DEL TÍTULO
Título Informe final del Ejercicio Profesional Supervisado, realizado en Frutos Escenciales de la Montaña Sociedad Anónima, Cobán, Alta Verapaz/
Mención de responsabilidad, etc. Claudet Maribel Sacbá Pacay
Medio Impreso
264 ## - PRODUCCIÓN, PUBLICACIÓN, DISTRIBUCIÓN, FABRICACIÓN Y COPYRIGHT
Producción, publicación, distribución, fabricación y copyright Cobán, Alta Verapaz:
Nombre del de productor, editor, distribuidor, fabricante Universidad de San Carlos de Guatemala, Centro Universitario del Norte, Licenciatura en Contaduría Pública y Auditoría.
Fecha de producción, publicación, distribución, fabricación o copyright 2016
300 ## - DESCRIPCIÓN FÍSICA
Extensión 45 p.:
Otras características físicas Ilustraciones, gráficas.
Dimensiones 28 cm; PDF
336 ## - TIPO DE CONTENIDO
Fuente rdacontenido
Término de tipo de contenido Texto
Código de tipo de contenido txt
337 ## - TIPO DE MEDIO
Fuente rdamedio
Nombre/término del tipo de medio Computadora
Código del tipo de medio n
338 ## - TIPO DE SOPORTE
Fuente rdasoporte
Nombre/término del tipo de soporte Código en línea
Código del tipo de soporte cr
502 ## - NOTA DE TESIS
identificador de la tesis .
502 ## - NOTA DE TESIS
Nota de tesis Tesis de grado
Tipo de título Licenciatura en Contaduría Pública y Auditoría.
Nombre de la institución que otorga el título Universidad de San Carlos de Guatemala, Centro Universitario del Norte, Licenciatura en Contaduría Pública y Auditoría.
Año de obtención del título 2016
Identificador de la tesis TCPA 39
520 14 - RESUMEN, ETC.
Sumario, etc. La Universidad de San Carlos de Guatemala, a través de la Carrera de<br/>Contaduría Pública y Auditoria en el Centro Universitario del Norte, permite la<br/>realización del Ejercicio Profesional Supervisado, donde se confronta la teoría<br/>con la práctica, previo a optar al título en el grado académico de Licenciatura.<br/>El Ejercicio Profesional Supervisado, fue realizado en las instalaciones de<br/>la empresa Frutos Esenciales de la Montaña, Sociedad Anónima, ubicada en la<br/>18 avenida Lote 193 zona 9, de Cobán Alta Verapaz. El proceso se inició con la<br/>realización de un diagnóstico, en donde se aplicaron diferentes instrumentos de<br/>evaluación.<br/><br/>A partir de la información recabada, se identificaron las deficiencias que<br/>permitieron establecer las intervenciones realizadas, correspondientes al ámbito,<br/>contable, financiero y de control interno en la empresa, que afectan el logro de<br/>los objetivos empresariales, tales como la desactualización de los registros<br/>contables, deficiencias de control en el área de inventarios y el desconocimiento<br/>de procedimientos contables.<br/><br/>Previo a su ejecución también, se diseñó un plan de trabajo en el cual se<br/>establecieron los procedimientos a realizarse, posteriormente se ejecutó. Dentro<br/>de los productos obtenidos están, el desvanecimiento de las deficiencias<br/>encontradas e implementación de controles internos en el área de inventario y<br/>procedimientos contables.<br/><br/>Como consecuencia de lo anterior, la empresa consideró las<br/>recomendaciones dadas en el Ejercicio Profesional Supervisado, de tal forma que se contribuyó al fortalecimiento de procesos y control que engloban las<br/>transacciones que se realizan dentro de la misma.
650 14 - PUNTO DE ACCESO ADICIONAL DE MATERIA--TÉRMINO DE MATERIA
Fuente del encabezamiento o término LEMB
Término de materia o nombre geográfico como elemento de entrada Cobán, Alta Verapaz
Subdivisión general registros contables
-- control
-- inventarios
-- procesos contables
700 ## - ENTRADA AGREGADA--NOMBRE PERSONAL
Nombre de persona Lic. Carlos Abraham Sierra Alvarado
Término indicativo de función/relación Asesor
856 ## - LOCALIZACIÓN Y ACCESO ELECTRÓNICOS
Identificador Uniforme de Recurso <a href="https://drive.google.com/file/d/19AEk0QlGi6UE6hxUZPPDl6XkcPr3Addf/view?usp=sharing">https://drive.google.com/file/d/19AEk0QlGi6UE6hxUZPPDl6XkcPr3Addf/view?usp=sharing</a>
Texto de enlace PDF
Nota pública Un ejemplar en línea.
942 ## - ELEMENTOS DE ENTRADA SECUNDARIOS (KOHA)
Fuente de la clasificación o esquema de estantería Clasificación Decimal Dewey
Tipo de ítem Koha TESIS
Parte de la signatura que identifica el ejemplar (Parte del ítem) TCPA_39
Prefijo de la signatura Clasificación
Suprimir en OPAC No
-- TCPA__39
Existencias
Estatus retirado Estado de pérdida Fuente de la clasificación o esquema de estantería Estado de daño No para préstamo Colección Biblioteca de origen Biblioteca actual Ubicación en estantería Fecha de adquisición Número de inventario Total de préstamos Signatura topográfica completa Código de barras Visto por última vez Precio de reemplazo Tipo de ítem Koha
    Clasificación Decimal Dewey     tesis BIBLIOTECA- CUNOR -JOSÉ LUIS GONZALES ROSALES BIBLIOTECA- CUNOR -JOSÉ LUIS GONZALES ROSALES Colección tesis 11/09/2025 TCPA 039   TCPA 039 TCPA 039 11/09/2025 11/09/2025 TESIS